Tratado de Derecho Penal internacional

Gorde:
Xehetasun bibliografikoak
Egile Nagusiak: Werle, Gerhard (Egilea), Jessberger, Florian (Egilea)
Formatua: Liburua
Hizkuntza:gaztelania
Argitaratua: Valencia Tirant Lo Blanch 2017
Edizioa:3a. ed
Saila:Tratados
Gaiak:
Etiketak: Etiketa erantsi
Etiketarik gabe, Izan zaitez lehena erregistro honi etiketa jartzen!

MARC

LEADER 00000cam a2200000 a 4500
001 UCC9359
003 CL-VaPUC
005 20210313002116.0
008 190927e20170000sp |||||||||||||||||spa|d
020 |a 9788491690139 
040 |c Pontificia Universidad Católica de Valparaíso 
082 0 4 |a 341.77  |b WER  |2 21 
100 0 |a Werle, Gerhard  |e author  |9 347 
245 1 0 |a Tratado de Derecho Penal internacional 
250 |a 3a. ed 
260 |a Valencia  |b Tirant Lo Blanch  |c 2017 
300 |a 1077 p 
490 0 |a Tratados 
583 |a last modification  |c 20190927 15:31:00  |k Rodrigo Vera 
650 0 |a Derecho penal internacional  |9 371889 
650 0 |a Fuentes del derecho   |9 255162 
700 0 |a Jessberger, Florian  |e author  |9 604403 
942 |c BK 
945 |d 20190927 15:31:00  |a dcastane 
999 |c 375545  |d 375543 
952 |0 0  |1 0  |3 erd  |4 0  |6 341_770000000000000_WER_2017  |7 0  |8 A  |9 494538  |a BIBDER  |b BIBDER  |i 5560691  |l 8  |m 3  |o 341.77 WER 2017  |p 5560691  |q 2025-05-12  |r 2025-05-05  |s 2025-05-05  |w 2019-11-24  |y BK  |z Catalogado en:20190927  |k DER